000 00337nam a2200145Ia 4500
008 201124s9999 xx 000 0 und d
020 _a9789383046782
082 _a650
_b "
100 _a "
245 0 _a "
250 _a "
260 _aDELHI
_b "
_c "
300 _a "
942 _cBK
999 _c32518
_d32518